| 000 | 00364nam a2200145Ia 4500 | ||
|---|---|---|---|
| 008 | 191201s2004 xx 000 0 und d | ||
| 082 |
_a005.26 _bMIJ |
||
| 100 | _aJON, Manish, | ||
| 245 | 0 | _aMicroprocessor Data Handbook | |
| 250 | _a1st | ||
| 260 |
_aN.Delhi _bTata Mc Graw Hill Pubg. co. Ltd _c2004 |
||
| 300 | _a844 | ||
| 650 | _aB.Tech(CSE) | ||
| 942 |
_2ddc _cBK |
||
| 999 |
_c1251 _d1251 |
||